El Estado sobredesarrollado: de las metrópolis al tercer mundo /
El libro presenta varios objetivos, entre ellos, analizar las causas de la ampliación de la intervención del Estado y de su naturaleza tanto en países capitalistas desarrollados como en países capitalistas subdesarrollados. En segundo lugar pretende analizar la particularidad de la política económic...
Salvato in:
| Autore principale: | |
|---|---|
| Altri autori: | |
| Natura: | testo |
| Pubblicazione: |
México, D.F:
Ediciones Era
|
| Soggetti: | |
| Tags: |
Aggiungi Tag
Nessun Tag, puoi essere il primo ad aggiungerne!!
|
MARC
| LEADER | 00000 a a2200000 04500 | ||
|---|---|---|---|
| 001 | 25947 | ||
| 003 | |||
| 040 | |||
| 020 | |a 968-411-154-1 | ||
| 090 | |a 152000 | ||
| 100 | |a Mathias, Gilberto | ||
| 245 | |a El Estado sobredesarrollado: de las metrópolis al tercer mundo / |c Gilberto Mathias | ||
| 260 | |a México, D.F: |b Ediciones Era | ||
| 300 | |a 181 p | ||
| 520 | |a El libro presenta varios objetivos, entre ellos, analizar las causas de la ampliación de la intervención del Estado y de su naturaleza tanto en países capitalistas desarrollados como en países capitalistas subdesarrollados. En segundo lugar pretende analizar la particularidad de la política económica de los regímenes políticos de legitimidad restringida correspondiente a los países subdesarrollados. Por otra parte intenta analizar los mecanismos de difusión de las relaciones mercantiles. Se presenta un debate latinoamericano sobre el Estado y la nación que es el punto de partida de esta investigación. /MSD | ||
| 650 | |a ESTADO | ||
| 650 | |a LEGITIMIDAD DEL ESTADO | ||
| 650 | |a INTERVENCION DEL ESTADO | ||
| 650 | |a PAISES EN DESARROLLO | ||
| 650 | |a PAISES DESARROLLADOS | ||
| 650 | |a DESARROLLO ECONOMICO | ||
| 650 | |a MERCADO | ||
| 650 | |a PAISES CAPITALISTAS | ||
| 650 | |a VIOLENCIA | ||
| 700 | |a Pierre, Salama | ||
| 999 | |c 13553 |d 13553 | ||



